| 000 | 00516nam a22001817a 4500 | ||
|---|---|---|---|
| 999 |
_c18230 _d18230 |
||
| 003 | AR-CdUCM | ||
| 008 | 190513b ||||| |||| 00| 0 spa d | ||
| 040 |
_aMUNICIPALIDAD PROVINCIAL DEL CUSCO _cBIBLIOTECA MUNICIPAL DEL CUSCO |
||
| 082 |
_a869.45 / _bB36 |
||
| 100 |
_aBritto Garcia, Luis _938697 |
||
| 245 | _aCasa rajatabla / | ||
| 260 |
_aLa Habana : _bCasa de las Americas, _c1970. |
||
| 300 |
_a263 páginas ; _c19 cm. |
||
| 505 | _aNovela... | ||
| 650 |
_aNovela. _95 |
||
| 942 |
_2ddc _cLIBROS |
||
| 945 | _awfj | ||